000 00701nam a2200253Ia 4500
003 OSt
005 20221007104352.0
006 a|||||r|||| 00| 0
007 ta
008 221006b |||||||| |||| 00| 0 eng d
020 _a0521677955
024 _a15,657
037 _cTextual
040 _aLCO
_cLCO
_beng
041 _2eng
_aeng
082 _aV2:2:(Z), P6
100 _aDyzenhaus David
_9426528
245 0 _aConstitution of Law Legality in a Time of Emergency
260 _aCambridge
_bCambridge University Press U.K.
_c2006
300 _a250
650 _aCONSTITUTION OF LAW
_9706029
942 _hV2:2:(Z), P6
_cTEXL
999 _c1185220
_d1185220